الموسوعة العامة في مصادر التربية الإسلامية / (رقم التسجيلة. 106868)

تفاصيل مارك
000 -LEADER
fixed length control field 00604nam a22001937a 4500
005 - DATE AND TIME OF LATEST TRANSACTION
control field 20251108173548.0
008 - FIXED-LENGTH DATA ELEMENTS--GENERAL INFORMATION
fixed length control field 250721s2007 xx 000 0 ara d
020 ## - INTERNATIONAL STANDARD BOOK NUMBER
International Standard Book Number 9957074903
082 14 - DEWEY DECIMAL CLASSIFICATION NUMBER
Classification number م/210.92/باح
100 1# - MAIN ENTRY--PERSONAL NAME
Personal name باحارث، عدنانن حسن
245 10 - TITLE STATEMENT
Title الموسوعة العامة في مصادر التربية الإسلامية /
264 1# - PRODUCTION, PUBLICATION, DISTRIBUTION, MANUFACTURE, AND COPYRIGHT NOTICE
Place of production, publication, distribution, manufacture عمان :
Name of producer, publisher, distributor, manufacturer دار الفكر للنشر و التوزيع،
Date of production, publication, distribution, manufacture, or copyright notice 2007.
300 ## - PHYSICAL DESCRIPTION
Extent 775 ص.
650 17 - SUBJECT ADDED ENTRY--TOPICAL TERM
Topical term or geographic name as entry element ببلوغرافيا
650 17 - SUBJECT ADDED ENTRY--TOPICAL TERM
Topical term or geographic name as entry element الإسلام
650 17 - SUBJECT ADDED ENTRY--TOPICAL TERM
Topical term or geographic name as entry element التراجم
942 ## - ADDED ENTRY ELEMENTS (KOHA)
Source of classification or shelving scheme Dewey Decimal Classification
Koha item type مراجع
المقتنيات
حالة السحب حالة الفقدان مصدر التصنيف حالة التلف غير قابل للإعارة المكتبة الرئيسية المكتبة الحالية موقع الرف تاريخ التزويد الرقم المتسلسل Total Checkouts رقم الإستدعاء الباركود تاريخ آخر ظهور تاريخ الفاتورة نوع المادة (كوها)
    Dewey Decimal Classification   Not For Loan المكتبة المركزية المكتبة المركزية مراجع 28/07/2025 1120151   م/210.92/باح 1120151 28/07/2025 28/07/2025 مراجع
    Dewey Decimal Classification   Not For Loan المكتبة المركزية المكتبة المركزية مقتنيات قسم التزويد 28/07/2025 1120152   م/210.92/باح 1120152 28/07/2025 28/07/2025 مراجع
    Dewey Decimal Classification   Not For Loan المكتبة المركزية المكتبة المركزية مقتنيات قسم التزويد 28/07/2025 1120153   م/210.92/باح 1120153 28/07/2025 28/07/2025 مراجع
    Dewey Decimal Classification   Not For Loan المكتبة المركزية المكتبة المركزية مقتنيات قسم التزويد 28/07/2025 1120154   م/210.92/باح 1120154 28/07/2025 28/07/2025 مراجع
    Dewey Decimal Classification   Not For Loan مكتبة أبو علندا العامة مكتبة أبو علندا العامة مراجع 28/07/2025 1120159   م/210.92/باح 1120159 28/07/2025 28/07/2025 مراجع
    Dewey Decimal Classification   Not For Loan مكتبة الأميرة ايمان العامة مكتبة الأميرة ايمان العامة مراجع 28/07/2025 1120155   م/210.92/باح 1120155 28/07/2025 28/07/2025 مراجع
    Dewey Decimal Classification   Not For Loan مكتبة الحسن العامة مكتبة الحسن العامة مراجع 28/07/2025 1120157   م/210.92/باح 1120157 28/07/2025 28/07/2025 مراجع
    Dewey Decimal Classification   Not For Loan مكتبة حمزة العامة مكتبة حمزة العامة مراجع 28/07/2025 1120158   م/210.92/باح 1120158 28/07/2025 28/07/2025 مراجع
    Dewey Decimal Classification   Not For Loan مكتبة صويلح العامة مكتبة صويلح العامة مراجع 28/07/2025 1120156   م/210.92/باح 1120156 28/07/2025 28/07/2025 مراجع
Implemented & Customized by: BBB with SCIT (Smart Chains for Information Technology)

Powered by Koha